Zdravotné poistenie
Platenie zdravotného poistenia pri podnikateľskej činnosti podľa zákona o zdravotnom poistení č. 580/2004 Z. z. Úlohy a príklady.
Salvato in:
| Autore principale: | |
|---|---|
| Natura: | Capitolo di libro |
| Lingua: | slovacco |
| Soggetti: | |
| Tags: |
Nessun Tag, puoi essere il primo ad aggiungerne!!
|
MARC
| LEADER | 00000naa$a2200000$$$4500 | ||
|---|---|---|---|
| 001 | 0190415 | ||
| 005 | 20240502073213.4 | ||
| 041 | 0 | |a slo | |
| 044 | |a SK | ||
| 245 | 1 | 0 | |a Zdravotné poistenie |c Elena Šúbertová |
| 520 | |a Platenie zdravotného poistenia pri podnikateľskej činnosti podľa zákona o zdravotnom poistení č. 580/2004 Z. z. Úlohy a príklady. | ||
| 610 | 2 | 0 | |a podnikatelia |
| 610 | 2 | 0 | |a osoby samostatne zárobkovo činné |
| 610 | 2 | 0 | |a povinnosti zamestnávateľov |
| 610 | 2 | 0 | |a poistenie zdravotné |
| 610 | 2 | 0 | |a odvody |
| 610 | 2 | 0 | |a zákony |
| 100 | 1 | |a Šúbertová, Elena | |